Fundamentals of corporate finance. / (Record no. 5268)

MARC details
000 -LEADER
fixed length control field 01758nam a22002057a 4500
008 - FIXED-LENGTH DATA ELEMENTS--GENERAL INFORMATION
fixed length control field 141119b xxu||||| |||| 00| 0 eng d
020 ## - INTERNATIONAL STANDARD BOOK NUMBER
International Standard Book Number 978007095101
050 ## - LIBRARY OF CONGRESS CALL NUMBER
Classification number HG4026.F86
100 ## - MAIN ENTRY--PERSONAL NAME
Personal name Ross, Stephen A.
245 ## - TITLE STATEMENT
Title Fundamentals of corporate finance. /
Statement of responsibility, etc. Stephen A. Ross et al.
250 ## - EDITION STATEMENT
Edition statement 6th ed.
260 ## - PUBLICATION, DISTRIBUTION, ETC.
Place of publication, distribution, etc. Toronto:
Name of publisher, distributor, etc. McGraw-Hill,
Date of publication, distribution, etc. 2007.
300 ## - PHYSICAL DESCRIPTION
Extent xxx, 834p.:
Other physical details ills.;
Dimensions 28cm
500 ## - GENERAL NOTE
General note Includes subject index, name index and equation index.
505 ## - FORMATTED CONTENTS NOTE
Formatted contents note Content: Overview of corporate finance: Introduction to corporate finance -- Financial statements, taxes and cash flow -- Financial statements and long-term financial planning: Working with financial statements -- Long- term financial planning and corporate growth -- Valuation of future cash flows: Introduction to valuation: The time value of money -- Discounted cash flow valuation -- Interest rates and bond valuation -- Stock valuation -- Capital budgeting: Net present value and other investment criteria -- Making capital investment decisions -- Project analysis and evaluation -- Cost of capital and long-term financial policy: Cost of capital -- Raising capital -- Financial leverage and capital structure policy -- Dividends and dividend policy -- Short-term financial planning and management: Short-term finance and planning -- Cash and liquidity management -- Credit and inventory management -- Topics in corporate finance: International corporate finance -- Leasing -- Mergers and acquisitions -- Derivative securities and corporate finance: Risk management: An introduction to financial engineering -- Options and corporate securities.
700 ## - ADDED ENTRY--PERSONAL NAME
Personal name Westerfield, Randolph W.
700 ## - ADDED ENTRY--PERSONAL NAME
Personal name Jordan, Bradford D.
700 ## - ADDED ENTRY--PERSONAL NAME
Personal name Roberts, Gordon S.
942 ## - ADDED ENTRY ELEMENTS (KOHA)
Source of classification or shelving scheme Library of Congress Classification
Koha item type Books
Holdings
Withdrawn status Lost status Source of classification or shelving scheme Damaged status Not for loan Home library Current library Shelving location Date acquired Total Checkouts Full call number Barcode Date last seen Copy number Price effective from Koha item type
    Library of Congress Classification     WISCONSIN INTERNATIONAL UNIVERSITY COLLEGE, GHANA - MAIN LIBRARY WISCONSIN INTERNATIONAL UNIVERSITY COLLEGE, GHANA - MAIN LIBRARY   19/11/2014   HG4026.F86 7500/528/13 19/11/2014 1 19/11/2014 Books

If you have any concerns or questions; kindly contact the library


© Powered by WIUC ICT DIRECTORATE